00601 2200217 4500001002100000005001500021035002000036007000300056008004100059082001000100084001600110100003400126245008900160260003700249020001800286250001100304300002300315650001300338990001600351990001600367INLIS00000000000134920190720094605 a0010-0619000021ta190720 g 0 ind  a005.1 a005.1 INE s0 aIneke Pakereng. Teguh Wahyono1 asistem basis data : konsep dan pendekatan praktikum /cIneke Pakereng. Teguh Wahyono aYogyakarta. :bGraha Ilmu,c2004 a9789793289656 ajild.1 axii,137p. ;c23 cm aKomputer a00000004802 a00000004802